000 00679nam a22002417a 4500
999 _c11825
_d11825
001 11825
003 BD-JhCC
005 20221115134023.0
008 201108b20152019bg |||| ||a| 00| 0 ben d
020 _a9789847762012
035 _a(BD-JhCC)118025
040 _aBD-JhCC
_dBD-JhCC
041 _aben
082 _a952
_bAHM 2019
100 _aআহমেদ, আশির
245 _aজাপান কাহিনি /
_cআশির আহমেদ ।
260 _aঢাকা:
_bঐতিহ্য;
_c২০১৯.
300 _a93 p. :
_c20 cm.
610 _aJapan
651 _aManners and customs
_xGeography
_zTravel
942 _2ddc
_cBK
_016